<?xml version="1.0" encoding="UTF-8"?>
<record
    xmlns:xsi="http://www.w3.org/2001/XMLSchema-instance"
    xsi:schemaLocation="http://www.loc.gov/MARC21/slim http://www.loc.gov/standards/marcxml/schema/MARC21slim.xsd"
    xmlns="http://www.loc.gov/MARC21/slim">

  <leader>00440nam a2200169   4500</leader>
  <controlfield tag="003">SEACOMEC</controlfield>
  <controlfield tag="005">20240416153701.0</controlfield>
  <controlfield tag="008">240416b        |||||||| |||| 00| 0 eng d</controlfield>
  <datafield tag="020" ind1=" " ind2=" ">
    <subfield code="c">Rs.195.00</subfield>
  </datafield>
  <datafield tag="040" ind1=" " ind2=" ">
    <subfield code="a">SEACOMEC</subfield>
  </datafield>
  <datafield tag="082" ind1=" " ind2=" ">
    <subfield code="a">621.3</subfield>
    <subfield code="b">K96</subfield>
  </datafield>
  <datafield tag="100" ind1=" " ind2=" ">
    <subfield code="a">Kumar,K. Murugesh</subfield>
  </datafield>
  <datafield tag="245" ind1="1" ind2=" ">
    <subfield code="a">Basic Electrical Science and Technology</subfield>
    <subfield code="c">K. Murugesh Kumar</subfield>
  </datafield>
  <datafield tag="260" ind1=" " ind2=" ">
    <subfield code="a">New Delhi</subfield>
    <subfield code="b">Vikas</subfield>
    <subfield code="c">2005</subfield>
  </datafield>
  <datafield tag="650" ind1=" " ind2=" ">
    <subfield code="a">Electrical Engineering</subfield>
  </datafield>
  <datafield tag="942" ind1=" " ind2=" ">
    <subfield code="c">BOOK</subfield>
  </datafield>
  <datafield tag="952" ind1=" " ind2=" ">
    <subfield code="0">0</subfield>
    <subfield code="1">0</subfield>
    <subfield code="2">ddc</subfield>
    <subfield code="4">0</subfield>
    <subfield code="7">0</subfield>
    <subfield code="a">SEACOMEC</subfield>
    <subfield code="b">SEACOMEC</subfield>
    <subfield code="d">2006-06-11</subfield>
    <subfield code="l">0</subfield>
    <subfield code="o">621.3 K96</subfield>
    <subfield code="p">3525</subfield>
    <subfield code="r">2024-04-16 15:33:11</subfield>
    <subfield code="w">2024-04-16</subfield>
    <subfield code="y">BOOK</subfield>
  </datafield>
  <datafield tag="952" ind1=" " ind2=" ">
    <subfield code="0">0</subfield>
    <subfield code="1">0</subfield>
    <subfield code="2">ddc</subfield>
    <subfield code="4">0</subfield>
    <subfield code="7">0</subfield>
    <subfield code="a">SEACOMEC</subfield>
    <subfield code="b">SEACOMEC</subfield>
    <subfield code="d">2006-06-11</subfield>
    <subfield code="l">0</subfield>
    <subfield code="o">621.3 K96</subfield>
    <subfield code="p">3526</subfield>
    <subfield code="r">2024-04-16 15:33:42</subfield>
    <subfield code="t">1</subfield>
    <subfield code="w">2024-04-16</subfield>
    <subfield code="y">BOOK</subfield>
  </datafield>
  <datafield tag="952" ind1=" " ind2=" ">
    <subfield code="0">0</subfield>
    <subfield code="1">0</subfield>
    <subfield code="2">ddc</subfield>
    <subfield code="4">0</subfield>
    <subfield code="7">0</subfield>
    <subfield code="a">SEACOMEC</subfield>
    <subfield code="b">SEACOMEC</subfield>
    <subfield code="d">2006-06-11</subfield>
    <subfield code="l">0</subfield>
    <subfield code="o">621.3 K96</subfield>
    <subfield code="p">3527</subfield>
    <subfield code="r">2024-04-16 15:33:42</subfield>
    <subfield code="t">2</subfield>
    <subfield code="w">2024-04-16</subfield>
    <subfield code="y">BOOK</subfield>
  </datafield>
  <datafield tag="952" ind1=" " ind2=" ">
    <subfield code="0">0</subfield>
    <subfield code="1">0</subfield>
    <subfield code="2">ddc</subfield>
    <subfield code="4">0</subfield>
    <subfield code="7">0</subfield>
    <subfield code="a">SEACOMEC</subfield>
    <subfield code="b">SEACOMEC</subfield>
    <subfield code="d">2006-06-11</subfield>
    <subfield code="l">0</subfield>
    <subfield code="o">621.3 K96</subfield>
    <subfield code="p">3528</subfield>
    <subfield code="r">2024-04-16 15:33:42</subfield>
    <subfield code="t">3</subfield>
    <subfield code="w">2024-04-16</subfield>
    <subfield code="y">BOOK</subfield>
  </datafield>
  <datafield tag="952" ind1=" " ind2=" ">
    <subfield code="0">0</subfield>
    <subfield code="1">0</subfield>
    <subfield code="2">ddc</subfield>
    <subfield code="4">0</subfield>
    <subfield code="7">0</subfield>
    <subfield code="a">SEACOMEC</subfield>
    <subfield code="b">SEACOMEC</subfield>
    <subfield code="d">2006-06-11</subfield>
    <subfield code="l">0</subfield>
    <subfield code="o">621.3 K96</subfield>
    <subfield code="p">3529</subfield>
    <subfield code="r">2024-04-16 15:33:42</subfield>
    <subfield code="t">4</subfield>
    <subfield code="w">2024-04-16</subfield>
    <subfield code="y">BOOK</subfield>
  </datafield>
  <datafield tag="952" ind1=" " ind2=" ">
    <subfield code="0">0</subfield>
    <subfield code="1">0</subfield>
    <subfield code="2">ddc</subfield>
    <subfield code="4">0</subfield>
    <subfield code="7">0</subfield>
    <subfield code="a">SEACOMEC</subfield>
    <subfield code="b">SEACOMEC</subfield>
    <subfield code="d">2006-06-11</subfield>
    <subfield code="l">0</subfield>
    <subfield code="o">621.3 K96</subfield>
    <subfield code="p">3530</subfield>
    <subfield code="r">2024-04-16 15:33:42</subfield>
    <subfield code="t">5</subfield>
    <subfield code="w">2024-04-16</subfield>
    <subfield code="y">BOOK</subfield>
  </datafield>
  <datafield tag="952" ind1=" " ind2=" ">
    <subfield code="0">0</subfield>
    <subfield code="1">0</subfield>
    <subfield code="2">ddc</subfield>
    <subfield code="4">0</subfield>
    <subfield code="7">0</subfield>
    <subfield code="a">SEACOMEC</subfield>
    <subfield code="b">SEACOMEC</subfield>
    <subfield code="d">2006-06-11</subfield>
    <subfield code="l">0</subfield>
    <subfield code="o">621.3 K96</subfield>
    <subfield code="p">3531</subfield>
    <subfield code="r">2024-04-16 15:33:42</subfield>
    <subfield code="t">6</subfield>
    <subfield code="w">2024-04-16</subfield>
    <subfield code="y">BOOK</subfield>
  </datafield>
  <datafield tag="952" ind1=" " ind2=" ">
    <subfield code="0">0</subfield>
    <subfield code="1">0</subfield>
    <subfield code="2">ddc</subfield>
    <subfield code="4">0</subfield>
    <subfield code="7">0</subfield>
    <subfield code="a">SEACOMEC</subfield>
    <subfield code="b">SEACOMEC</subfield>
    <subfield code="d">2006-06-11</subfield>
    <subfield code="l">0</subfield>
    <subfield code="o">621.3 K96</subfield>
    <subfield code="p">3532</subfield>
    <subfield code="r">2024-04-16 15:33:42</subfield>
    <subfield code="t">7</subfield>
    <subfield code="w">2024-04-16</subfield>
    <subfield code="y">BOOK</subfield>
  </datafield>
  <datafield tag="952" ind1=" " ind2=" ">
    <subfield code="0">0</subfield>
    <subfield code="1">0</subfield>
    <subfield code="2">ddc</subfield>
    <subfield code="4">0</subfield>
    <subfield code="7">0</subfield>
    <subfield code="a">SEACOMEC</subfield>
    <subfield code="b">SEACOMEC</subfield>
    <subfield code="d">2006-06-11</subfield>
    <subfield code="l">0</subfield>
    <subfield code="o">621.3 K96</subfield>
    <subfield code="p">3533</subfield>
    <subfield code="r">2024-04-16 15:33:42</subfield>
    <subfield code="t">8</subfield>
    <subfield code="w">2024-04-16</subfield>
    <subfield code="y">BOOK</subfield>
  </datafield>
  <datafield tag="952" ind1=" " ind2=" ">
    <subfield code="0">0</subfield>
    <subfield code="1">0</subfield>
    <subfield code="2">ddc</subfield>
    <subfield code="4">0</subfield>
    <subfield code="7">0</subfield>
    <subfield code="a">SEACOMEC</subfield>
    <subfield code="b">SEACOMEC</subfield>
    <subfield code="d">2006-06-11</subfield>
    <subfield code="l">0</subfield>
    <subfield code="o">621.3 K96</subfield>
    <subfield code="p">3534</subfield>
    <subfield code="r">2024-04-16 15:33:42</subfield>
    <subfield code="t">9</subfield>
    <subfield code="w">2024-04-16</subfield>
    <subfield code="y">BOOK</subfield>
  </datafield>
  <datafield tag="952" ind1=" " ind2=" ">
    <subfield code="0">0</subfield>
    <subfield code="1">0</subfield>
    <subfield code="2">ddc</subfield>
    <subfield code="4">0</subfield>
    <subfield code="7">0</subfield>
    <subfield code="a">SEACOMEC</subfield>
    <subfield code="b">SEACOMEC</subfield>
    <subfield code="d">2006-06-11</subfield>
    <subfield code="l">0</subfield>
    <subfield code="o">621.3 K96</subfield>
    <subfield code="p">3535</subfield>
    <subfield code="r">2024-04-16 15:33:42</subfield>
    <subfield code="t">10</subfield>
    <subfield code="w">2024-04-16</subfield>
    <subfield code="y">BOOK</subfield>
  </datafield>
  <datafield tag="952" ind1=" " ind2=" ">
    <subfield code="0">0</subfield>
    <subfield code="1">0</subfield>
    <subfield code="2">ddc</subfield>
    <subfield code="4">0</subfield>
    <subfield code="7">0</subfield>
    <subfield code="a">SEACOMEC</subfield>
    <subfield code="b">SEACOMEC</subfield>
    <subfield code="d">2006-06-11</subfield>
    <subfield code="l">0</subfield>
    <subfield code="o">621.3 K96</subfield>
    <subfield code="p">3536</subfield>
    <subfield code="r">2024-04-16 15:33:42</subfield>
    <subfield code="t">11</subfield>
    <subfield code="w">2024-04-16</subfield>
    <subfield code="y">BOOK</subfield>
  </datafield>
  <datafield tag="952" ind1=" " ind2=" ">
    <subfield code="0">0</subfield>
    <subfield code="1">0</subfield>
    <subfield code="2">ddc</subfield>
    <subfield code="4">0</subfield>
    <subfield code="7">0</subfield>
    <subfield code="a">SEACOMEC</subfield>
    <subfield code="b">SEACOMEC</subfield>
    <subfield code="d">2006-06-11</subfield>
    <subfield code="l">0</subfield>
    <subfield code="o">621.3 K96</subfield>
    <subfield code="p">3537</subfield>
    <subfield code="r">2024-04-16 15:33:42</subfield>
    <subfield code="t">12</subfield>
    <subfield code="w">2024-04-16</subfield>
    <subfield code="y">BOOK</subfield>
  </datafield>
  <datafield tag="952" ind1=" " ind2=" ">
    <subfield code="0">0</subfield>
    <subfield code="1">0</subfield>
    <subfield code="2">ddc</subfield>
    <subfield code="4">0</subfield>
    <subfield code="7">0</subfield>
    <subfield code="a">SEACOMEC</subfield>
    <subfield code="b">SEACOMEC</subfield>
    <subfield code="d">2006-06-11</subfield>
    <subfield code="l">0</subfield>
    <subfield code="o">621.3 K96</subfield>
    <subfield code="p">3538</subfield>
    <subfield code="r">2024-04-16 15:33:42</subfield>
    <subfield code="t">13</subfield>
    <subfield code="w">2024-04-16</subfield>
    <subfield code="y">BOOK</subfield>
  </datafield>
  <datafield tag="952" ind1=" " ind2=" ">
    <subfield code="0">0</subfield>
    <subfield code="1">0</subfield>
    <subfield code="2">ddc</subfield>
    <subfield code="4">0</subfield>
    <subfield code="7">0</subfield>
    <subfield code="a">SEACOMEC</subfield>
    <subfield code="b">SEACOMEC</subfield>
    <subfield code="d">2006-06-11</subfield>
    <subfield code="l">0</subfield>
    <subfield code="o">621.3 K96</subfield>
    <subfield code="p">3539</subfield>
    <subfield code="r">2024-04-16 15:33:42</subfield>
    <subfield code="t">14</subfield>
    <subfield code="w">2024-04-16</subfield>
    <subfield code="y">BOOK</subfield>
  </datafield>
  <datafield tag="952" ind1=" " ind2=" ">
    <subfield code="0">0</subfield>
    <subfield code="1">0</subfield>
    <subfield code="2">ddc</subfield>
    <subfield code="4">0</subfield>
    <subfield code="7">0</subfield>
    <subfield code="a">SEACOMEC</subfield>
    <subfield code="b">SEACOMEC</subfield>
    <subfield code="d">2006-06-11</subfield>
    <subfield code="l">0</subfield>
    <subfield code="o">621.3 K96</subfield>
    <subfield code="p">3540</subfield>
    <subfield code="r">2024-04-16 15:33:42</subfield>
    <subfield code="t">15</subfield>
    <subfield code="w">2024-04-16</subfield>
    <subfield code="y">BOOK</subfield>
  </datafield>
  <datafield tag="952" ind1=" " ind2=" ">
    <subfield code="0">0</subfield>
    <subfield code="1">0</subfield>
    <subfield code="2">ddc</subfield>
    <subfield code="4">0</subfield>
    <subfield code="7">0</subfield>
    <subfield code="a">SEACOMEC</subfield>
    <subfield code="b">SEACOMEC</subfield>
    <subfield code="d">2006-06-11</subfield>
    <subfield code="l">0</subfield>
    <subfield code="o">621.3 K96</subfield>
    <subfield code="p">3541</subfield>
    <subfield code="r">2024-04-16 15:33:42</subfield>
    <subfield code="t">16</subfield>
    <subfield code="w">2024-04-16</subfield>
    <subfield code="y">BOOK</subfield>
  </datafield>
  <datafield tag="952" ind1=" " ind2=" ">
    <subfield code="0">0</subfield>
    <subfield code="1">0</subfield>
    <subfield code="2">ddc</subfield>
    <subfield code="4">0</subfield>
    <subfield code="7">0</subfield>
    <subfield code="a">SEACOMEC</subfield>
    <subfield code="b">SEACOMEC</subfield>
    <subfield code="d">2006-06-11</subfield>
    <subfield code="l">0</subfield>
    <subfield code="o">621.3 K96</subfield>
    <subfield code="p">3542</subfield>
    <subfield code="r">2024-04-16 15:33:42</subfield>
    <subfield code="t">17</subfield>
    <subfield code="w">2024-04-16</subfield>
    <subfield code="y">BOOK</subfield>
  </datafield>
  <datafield tag="952" ind1=" " ind2=" ">
    <subfield code="0">0</subfield>
    <subfield code="1">0</subfield>
    <subfield code="2">ddc</subfield>
    <subfield code="4">0</subfield>
    <subfield code="7">0</subfield>
    <subfield code="a">SEACOMEC</subfield>
    <subfield code="b">SEACOMEC</subfield>
    <subfield code="d">2006-06-11</subfield>
    <subfield code="l">0</subfield>
    <subfield code="o">621.3 K96</subfield>
    <subfield code="p">3543</subfield>
    <subfield code="r">2024-04-16 15:33:42</subfield>
    <subfield code="t">18</subfield>
    <subfield code="w">2024-04-16</subfield>
    <subfield code="y">BOOK</subfield>
  </datafield>
  <datafield tag="952" ind1=" " ind2=" ">
    <subfield code="0">0</subfield>
    <subfield code="1">0</subfield>
    <subfield code="2">ddc</subfield>
    <subfield code="4">0</subfield>
    <subfield code="7">0</subfield>
    <subfield code="a">SEACOMEC</subfield>
    <subfield code="b">SEACOMEC</subfield>
    <subfield code="d">2006-06-11</subfield>
    <subfield code="l">0</subfield>
    <subfield code="o">621.3 K96</subfield>
    <subfield code="p">3544</subfield>
    <subfield code="r">2024-04-16 15:33:42</subfield>
    <subfield code="t">19</subfield>
    <subfield code="w">2024-04-16</subfield>
    <subfield code="y">BOOK</subfield>
  </datafield>
  <datafield tag="999" ind1=" " ind2=" ">
    <subfield code="c">903</subfield>
    <subfield code="d">903</subfield>
  </datafield>
</record>
